| 000 | 01096cam a2200301 i 4500 | ||
|---|---|---|---|
| 999 |
_c200448926 _d67138 |
||
| 001 | 200448926 | ||
| 003 | TR-AnTOB | ||
| 005 | 20220601135312.0 | ||
| 007 | ta | ||
| 008 | 220601s1976 tu 000 0 tur d | ||
| 040 |
_aBGZ _beng _erda _cBGZ _dTR-AnTOB |
||
| 041 | 0 | _atur | |
| 050 | _aHE5601 | ||
| 090 |
_aHE5601 _b.M55 1976 |
||
| 245 | 0 | 0 |
_aMilletlerarası karayolu taşımacılığı ve Türkiye : _bseminer, (tebliğler ve tartışmalar). |
| 264 | 1 |
_aİstanbul : _bİktisadi Araştırmalar Vakfı, _c1976. |
|
| 300 |
_aviii, 272 pages : _bill., maps ; _c24 cm. |
||
| 336 |
_atext _btxt _2rdacontent |
||
| 337 |
_aunmediated _bn _2rdamedia |
||
| 338 |
_avolume _bnc _2rdacarrier |
||
| 490 | 0 |
_aİktisadi Araştırmalar Vakfı ; _v41-1976 |
|
| 500 | _a"9-10 Haziran 1976 tarihinde düzenlenen seminerde sunulan tebliğlerin İktisadi Araştırmalar Vakfı tarafından yapılan derlemesidir." | ||
| 650 | 7 |
_aUlaştırma, Otomobil _2etuturkob _926812 |
|
| 710 | 2 |
_aİktisadi Araştırmalar Vakfı (Turkey) _927529 |
|
| 942 |
_2z _cBK |
||